[Event "Madrid-ch sf-B"]
[Site "Madrid"]
[Date "2008.01.10"]
[Round "1"]
[White "Tejedor Ariza, Francisco"]
[Black "Nieto de la Cruz, Julio"]
[Result "0-1"]
[WhiteElo "2018"]
[BlackElo "1857"]
[PlyCount "180"]
[EventDate "2008.01.10"]
[EventType "swiss"]
[EventRounds "9"]
[EventCountry "ESP"]
[SourceTitle "EXT 2010"]
[Source "ChessBase"]
[SourceDate "2010.11.25"]
[SourceVersion "1"]
[SourceVersionDate "2010.11.25"]
[SourceQuality "1"]

1. e4 c5 2. Nf3 d6 3. d4 Nf6 4. Nc3 cxd4 5. Nxd4 g6 6. Be3 Bg7 7. f3 0-0 8. Bc4 Nc6 9. Qd2 Nd7 10. Nxc6 bxc6 11. Bh6 Ne5 12. Bb3 Ba6 13. h4 Qb6 14. Bxg7 Kxg7 15. h5 Rh8 16. h6+ Kf8 17. Na4 Qb5 18. 0-0-0 Rg8 19. Nc3 Qa5 20. f4 Nc4 21. Qd4 Nb6 22. e5 d5 23. Ne4 Bc4 24. Ng5 Rh8 25. e6 f6 26. Ne4 Ke8 27. Nc5 Bxb3 28. axb3 Nc8 29. c4 Nd6 30. g4 dxc4 31. bxc4 Qb4 32. b3 Qa3+ 33. Kc2 Qa2+ 34. Qb2 Qa5 35. Nd7 Ne4 36. Rh2 Rd8 37. Re2 Nd6 38. Red2 Nb7 39. g5 Qf5+ 40. Kc1 Qxf4 41. gxf6 exf6 42. Qxf6 Qxf6 43. Nxf6+ Ke7 44. Rxd8 Nxd8 45. Ne4 Nxe6 46. Re1 Kd7 47. Rd1+ Kc7 48. Nf6 Ng5 49. Rd7+ Kb6 50. Kb2 a5 51. Rg7 Kc5 52. Kc3 Kd6 53. Ng4 Ra8 54. Nf6 Rh8 55. Ra7 Ke6 56. Ng4 Kf5 57. Ne3+ Kf4 58. Nc2 Ne4+ 59. Kb2 Kg5 60. Rxa5+ Kxh6 61. Re5 Nf2 62. Kc3 Rc8 63. b4 g5 64. Rf5 Ng4 65. Rc5 Nf6 66. Kd4 Nd7 67. Ra5 Kg6 68. Ra7 Nb6 69. Kc5 Na8 70. Nd4 g4 71. Nxc6 h5 72. Kd6 Kg5 73. c5 g3 74. b5 Rg8 75. Ra2 h4 76. b6 Nxb6 77. cxb6 h3 78. Ne5 g2 79. b7 Kf4 80. Ra4+ Ke3 81. Ra3+ Kf2 82. Ra2+ Kg3 83. Ra3+ Kf4 84. Ra4+ Kf5 85. Nf3 h2 86. Nh4+ Kf6 87. Nxg2 h1Q 88. Ra8 Qxg2 89. b8Q Rxb8 90. Rxb8 Qg3+ 0-1

[Event "ESP-ch U16"]
[Site "Linares"]
[Date "2007.07.22"]
[Round "2"]
[White "Gago Padreny, Ignacio"]
[Black "Tejedor Ariza, Francisco"]
[Result "1-0"]
[WhiteElo "2124"]
[BlackElo "1952"]
[PlyCount "93"]
[EventDate "2007.07.22"]
[EventType "swiss"]
[EventRounds "9"]
[EventCountry "ESP"]
[SourceTitle "EXT 2008"]
[Source "ChessBase"]
[SourceDate "2007.11.25"]
[SourceVersion "1"]
[SourceVersionDate "2007.11.25"]
[SourceQuality "1"]

1. d4 d5 2. Nf3 Nf6 3. c4 e6 4. Nc3 c6 5. e3 Bd6 6. Qc2 Nbd7 7. b3 0-0 8. Be2 Qe7 9. 0-0 dxc4 10. bxc4 e5 11. Rd1 Re8 12. Rb1 exd4 13. exd4 Nf8 14. h3 Ng6 15. Bf1 b6 16. Bg5 Bb7 17. Re1 Qc7 18. Bxf6 gxf6 19. Ne4 Be7 20. Ng3 Bf8 21. Nh5 Bg7 22. Qf5 Rxe1 23. Rxe1 Qd8 24. h4 c5 25. d5 Bc8 26. Qe4 Bd7 27. Nxg7 Kxg7 28. h5 f5 29. Qe3 Nh8 30. Qe5+ f6 31. Qf4 Qf8 32. Nh4 Nf7 33. Nxf5+ Bxf5 34. Qxf5 Re8 35. h6+ Kg8 36. Rxe8 Qxe8 37. Qxf6 Qe5 38. Qxe5 Nxe5 39. Be2 Nf7 40. Bg4 Nxh6 41. Be6+ Kf8 42. g4 Nf7 43. Bxf7 Kxf7 44. f4 b5 45. cxb5 Ke7 46. f5 Kf6 47. d6 1-0